| 000 | 00798nam a2200253 a 4500 | ||
|---|---|---|---|
| 008 | 951212s1980||||[C 0 slo c | ||
| 020 | _c39 Kčs. | ||
| 040 |
_aSNK _bslo _cSNK _eAACR2 |
||
| 041 | 1 |
_aslo _hger |
|
| 044 |
_axo _cSK |
||
| 080 | _a839.59-3 | ||
| 100 | 1 |
_aLaxness, Halldór _4aut |
|
| 245 | 1 | 0 |
_aSalka Valka _cHalldór Laxness ; Júlia Májeková, Jaroslav Kaňa, Jozef Gális, Jaroslav Kaňa |
| 250 | _a1., vyd. | ||
| 260 |
_aBratislava _bSlovenský spisovateľ _c1980 _eBanská Bystrica _fTlačiarne SNP |
||
| 300 |
_a488 s., 27,60 AH _c21 cm |
||
| 490 | 0 | _aVavrín | |
| 500 | _aRozlož. tit. list. Brož. 33,80 Kčs. | ||
| 700 | 1 |
_aMájeková, Júlia _4trl |
|
| 700 | 1 |
_aKaňa, Jaroslav _4[ADC] |
|
| 700 | 1 |
_aGális, Jozef _4bkd |
|
| 700 | 1 |
_aKaňa, Jaroslav _4oth |
|
| 958 | _aA | ||
| 999 |
_c12143 _d12143 |
||